[Event "Mar del Plata Duchamp op 45th"]
[Site "Mar del Plata"]
[Date "2014.04.13"]
[Round "3"]
[White "Rodriguez Vila, Andres"]
[Black "Penafiel, Horacio"]
[Result "1-0"]
[WhiteElo "2437"]
[BlackElo "2217"]
[PlyCount "109"]
[EventDate "2014.04.12"]
[EventType "swiss"]
[EventRounds "9"]
[EventCountry "ARG"]
[SourceTitle "CBM 159 Extra"]
[Source "ChessBase"]
[SourceDate "2014.04.24"]
[SourceVersion "1"]
[SourceVersionDate "2014.04.24"]
[SourceQuality "1"]

1. e4 c5 2. Nf3 e6 3. Qe2 Nc6 4. c3 d5 5. d3 Nf6 6. e5 Nd7 7. h4 Qc7 8. Bf4 h6
9. Na3 a6 10. Nc2 b5 11. g3 Bb7 12. Bh3 Be7 13. h5 Qb6 14. O-O Rg8 15. d4 g5
16. hxg6 Rxg6 17. Kh2 O-O-O 18. Qd2 Rh8 19. b4 c4 20. Nh4 Rgg8 21. Ne3 Qd8 22.
Neg2 Nf8 23. Be3 Kb8 24. f4 f5 25. exf6 Bxf6 26. a4 Rg7 27. axb5 axb5 28. f5 e5
29. dxe5 Bxe5 30. Bf4 Bxf4 31. Qxf4+ Qc7 32. Rfe1 Nh7 33. Ng6 Rd8 34. Qxh6 Nf6
35. Qf4 Ne4 36. Qxc7+ Rxc7 37. N2f4 Rh7 38. Ne6 Rg8 39. Re3 Nf2 40. Nh4 Nxh3
41. Kxh3 Bc8 42. Rf1 Rh6 43. Nd4 Nxd4 44. cxd4 Kc7 45. Re5 Kd6 46. Ra1 Rg7 47.
Ra5 Re7 48. Rxe7 Kxe7 49. g4 Rc6 50. Ra7+ Ke8 51. Nf3 c3 52. Ra1 Ke7 53. Kg3 c2
54. Rc1 Rc3 55. Kf4 1-0

[Event "Mar del Plata Duchamp op 45th"]
[Site "Mar del Plata"]
[Date "2014.04.14"]
[Round "4"]
[White "De Dovitiis, Alejo"]
[Black "Rodriguez Vila, Andres"]
[Result "0-1"]
[WhiteElo "2333"]
[BlackElo "2437"]
[PlyCount "76"]
[EventDate "2014.04.12"]
[EventType "swiss"]
[EventRounds "9"]
[EventCountry "ARG"]
[SourceTitle "CBM 159 Extra"]
[Source "ChessBase"]
[SourceDate "2014.04.24"]
[SourceVersion "1"]
[SourceVersionDate "2014.04.24"]
[SourceQuality "1"]

1. Nf3 d6 2. e4 Bg4 3. h3 Bh5 4. d4 Nd7 5. Nc3 e5 6. g4 Bg6 7. Bg2 Be7 8. Qe2
c6 9. h4 h6 10. h5 Bh7 11. Be3 Ngf6 12. Nd2 O-O 13. f4 exf4 14. Bxf4 d5 15.
O-O-O Bb4 16. g5 Bxc3 17. gxf6 Qxf6 18. bxc3 Qxf4 19. Bh3 Nf6 20. Rdf1 Qd6 21.
Rhg1 Qa3+ 22. Kb1 Qxc3 23. Rxf6 Qxh3 24. Rf4 g5 25. Rf6 Kg7 26. e5 Qc3 27. Nb3
a5 28. Rgf1 a4 29. R6f3 Qb4 30. a3 Qb6 31. Qf2 Kg8 32. e6 axb3 33. exf7+ Rxf7
34. Rxf7 bxc2+ 35. Kc1 Qb1+ 36. Kd2 c1=Q+ 37. Rxc1 Qd3+ 38. Ke1 Re8+ 0-1

[Event "Mar del Plata Duchamp op 45th"]
[Site "Mar del Plata"]
[Date "2014.04.15"]
[Round "5"]
[White "Mareco, Sandro"]
[Black "Rodriguez Vila, Andres"]
[Result "1-0"]
[WhiteElo "2585"]
[BlackElo "2437"]
[PlyCount "79"]
[EventDate "2014.04.12"]
[EventType "swiss"]
[EventRounds "9"]
[EventCountry "ARG"]
[SourceTitle "CBM 159 Extra"]
[Source "ChessBase"]
[SourceDate "2014.04.24"]
[SourceVersion "1"]
[SourceVersionDate "2014.04.24"]
[SourceQuality "1"]

1. d4 e6 2. c4 d5 3. Nf3 c6 4. Nbd2 Nf6 5. e3 Be7 6. Bd3 O-O 7. O-O Na6 8. b3
Nb4 9. Bb1 b5 10. a3 Na6 11. Ne5 Bb7 12. c5 Nd7 13. f4 f5 14. b4 Nxe5 15. dxe5
Nc7 16. Nb3 Qd7 17. Bd3 Kh8 18. Kh1 Rg8 19. Nd4 g6 20. Bb2 a5 21. g4 Rg7 22.
Rg1 Bf8 23. Bc3 Qe8 24. Qe2 Bc8 25. Qb2 Na6 26. Rg2 Raa7 27. Rag1 Kg8 28. Be1
Raf7 29. h4 fxg4 30. Rxg4 Bd7 31. Qh2 Re7 32. R4g2 Nc7 33. h5 gxh5 34. Bh4 Rxg2
35. Rxg2+ Rg7 36. Bf6 axb4 37. axb4 Qf7 38. Bxg7 Bxg7 39. Nf3 Na6 40. Ng5 1-0

[Event "Mar del Plata Duchamp op 45th"]
[Site "Mar del Plata"]
[Date "2014.04.16"]
[Round "6"]
[White "Rodriguez Vila, Andres"]
[Black "Menna Barreto, Felipe Kubiaki"]
[Result "1/2-1/2"]
[WhiteElo "2437"]
[BlackElo "2250"]
[PlyCount "67"]
[EventDate "2014.04.12"]
[EventType "swiss"]
[EventRounds "9"]
[EventCountry "ARG"]
[SourceTitle "CBM 159 Extra"]
[Source "ChessBase"]
[SourceDate "2014.04.24"]
[SourceVersion "1"]
[SourceVersionDate "2014.04.24"]
[SourceQuality "1"]

1. e4 c6 2. f4 d5 3. e5 c5 4. c3 Nc6 5. Be2 Bf5 6. Nf3 e6 7. O-O c4 8. b3 b5 9.
a4 a6 10. Kh1 Nh6 11. Ba3 Bxa3 12. Nxa3 Rb8 13. axb5 axb5 14. Nc2 cxb3 15. Ncd4
Nxd4 16. Nxd4 b2 17. Rb1 Bxb1 18. Qxb1 Nf5 19. Bxb5+ Kf8 20. Nxf5 exf5 21. Qxb2
Qa5 22. Rb1 Ke7 23. Qb3 Rhd8 24. h3 Kf8 25. d3 Rbc8 26. c4 dxc4 27. Bxc4 Rb8
28. Qxb8 Rxb8 29. Rxb8+ Ke7 30. Rb7+ Kd8 31. Rxf7 Qe1+ 32. Kh2 Qf2 33. Rxf5 h5
34. e6 1/2-1/2

[Event "Mar del Plata Duchamp op 45th"]
[Site "Mar del Plata"]
[Date "2014.04.17"]
[Round "7"]
[White "Dimuro, Matias"]
[Black "Rodriguez Vila, Andres"]
[Result "0-1"]
[WhiteElo "2266"]
[BlackElo "2437"]
[PlyCount "108"]
[EventDate "2014.04.12"]
[EventType "swiss"]
[EventRounds "9"]
[EventCountry "ARG"]
[SourceTitle "CBM 159 Extra"]
[Source "ChessBase"]
[SourceDate "2014.04.24"]
[SourceVersion "1"]
[SourceVersionDate "2014.04.24"]
[SourceQuality "1"]

1. e4 e6 2. d4 d5 3. Nc3 Bb4 4. e5 Ne7 5. a3 Bxc3+ 6. bxc3 b6 7. Qg4 Ng6 8. h4
h5 9. Qd1 Qd7 10. Be2 Ba6 11. Bxh5 Qb5 12. Be2 Qc6 13. Bxa6 Nxa6 14. Bd2 Nxh4
15. Rh2 O-O-O 16. a4 Qc4 17. Qe2 c5 18. Qxc4 dxc4 19. Be3 Nf5 20. Rxh8 Rxh8 21.
Nh3 cxd4 22. cxd4 Nb4 23. Kd2 Nd5 24. Ng5 Kd7 25. Ke2 f6 26. Nf3 a5 27. g4
Nfxe3 28. fxe3 Nc3+ 29. Kf2 Kc6 30. Kg2 Kd5 31. exf6 gxf6 32. g5 fxg5 33. Ne5
Rh7 34. Ng4 Rh4 35. Ne5 Re4 36. Kf2 Rxe5 37. dxe5 Kxe5 38. Kf3 Kf5 39. e4+ Nxe4
40. Ke3 c3 41. Rb1 Nf6 42. Rf1+ Ke5 43. Rg1 Nd5+ 44. Kf3 Kf5 45. Rh1 g4+ 46.
Ke2 Ke4 47. Rh4 Ne3 48. Rh6 e5 49. Rg6 Kf4 50. Rxb6 g3 51. Rf6+ Nf5 52. Ra6 e4
53. Rf6 e3 54. Rf8 g2 0-1

[Event "URU-chT Clubs"]
[Site "Punta del Este"]
[Date "2014.08.23"]
[Round "1.12"]
[White "Rodriguez Vila, Andres"]
[Black "Soto, Nicolas"]
[Result "1-0"]
[WhiteElo "2435"]
[BlackElo "2013"]
[PlyCount "109"]
[EventDate "2014.08.23"]
[EventType "team-swiss"]
[EventRounds "5"]
[EventCountry "URU"]
[SourceTitle "EXT 2017"]
[Source "ChessBase"]
[SourceDate "2016.10.25"]
[SourceVersion "1"]
[SourceVersionDate "2016.10.25"]
[SourceQuality "1"]

1. e4 e6 2. Qe2 c5 3. g3 Nc6 4. Bg2 g6 5. c3 Bg7 6. Nf3 Nge7 7. h4 h5 8. Na3 d5
9. d3 b6 10. O-O O-O 11. e5 Ba6 12. Bf4 Rb8 13. Nc2 d4 14. c4 b5 15. b3 bxc4
16. bxc4 Rb2 17. Bc1 Rb8 18. Ba3 Qa5 19. Qe1 Qa4 20. Qc1 Qa5 21. Re1 Nf5 22.
Bf1 Bb7 23. Qf4 Nce7 24. Ng5 Bc6 25. Re2 Ba4 26. Ne1 Qc3 27. Qc1 Qxc1 28. Rxc1
Rfc8 29. Nef3 Bc6 30. Nd2 Ba8 31. Rce1 Nc6 32. Bxc5 Nxe5 33. Rxe5 Bxe5 34. Rxe5
f6 35. Rxe6 fxg5 36. Bxa7 Kf7 37. Ra6 Rb7 38. Ne4 gxh4 39. Ng5+ Kg7 40. gxh4
Rc6 41. Ra5 Rb1 42. Rd5 Ra6 43. Rd7+ Kf8 44. Rd8+ Ke7 45. Rxa8 Kd7 46. Nh7 Nxh4
47. Nf8+ Kc6 48. Rc8+ Kd6 49. Bb8+ Ke7 50. c5 Rxa2 51. Bg3 Nf3+ 52. Kg2 Ne1+
53. Kh3 g5 54. Ng6+ Kf6 55. Rc6+ 1-0

[Event "URU-chT Clubs"]
[Site "Punta del Este"]
[Date "2014.08.23"]
[Round "2.12"]
[White "Viera, Emilio"]
[Black "Rodriguez Vila, Andres"]
[Result "1-0"]
[WhiteElo "2205"]
[BlackElo "2435"]
[PlyCount "127"]
[EventDate "2014.08.23"]
[EventType "team-swiss"]
[EventRounds "5"]
[EventCountry "URU"]
[SourceTitle "EXT 2017"]
[Source "ChessBase"]
[SourceDate "2016.10.25"]
[SourceVersion "1"]
[SourceVersionDate "2016.10.25"]
[SourceQuality "1"]

1. c4 e5 2. Nc3 Nc6 3. Nf3 f5 4. d4 e4 5. Ng5 Be7 6. Nh3 Nf6 7. g3 O-O 8. Bg2
d6 9. O-O Na5 10. b3 c6 11. d5 Ng4 12. Bb2 Bf6 13. Qc2 c5 14. Rae1 a6 15. Nf4
Rb8 16. h3 Ne5 17. f3 exf3 18. exf3 b5 19. cxb5 axb5 20. Ne6 Bxe6 21. dxe6 Nec6
22. Nd5 Bxb2 23. Qxb2 Ne7 24. f4 Nac6 25. Nxe7+ Nxe7 26. Rd1 Rf6 27. Rfe1 Rb6
28. Bd5 Ra6 29. Qe2 Qe8 30. Qd2 Qh5 31. h4 Rg6 32. Kf2 Qg4 33. Re3 h5 34. Ra1
Kh7 35. a4 c4 36. bxc4 Rxa4 37. Rxa4 bxa4 38. Qe2 Rf6 39. Qxg4 fxg4 40. Ra3 Kg6
41. Rxa4 Rf8 42. Ra7 Kf6 43. Rd7 Rb8 44. Rxd6 Rb2+ 45. Kg1 Nf5 46. Rd7 Nxg3 47.
Rf7+ Kg6 48. f5+ Kh6 49. Rf8 Ne2+ 50. Kf2 g5 51. fxg6 Nf4+ 52. Ke3 Nxg6 53. e7
Nxe7 54. Rf6+ Kg7 55. Rf7+ Kg6 56. Rxe7 g3 57. Re8 Kf5 58. Rg8 Rh2 59. Rg5+ Kf6
60. Rxh5 g2 61. Kf2 Kg6 62. Rg5+ Kf6 63. Rg4 Kf5 64. Re4 1-0

[Event "URU-chT Clubs"]
[Site "Punta del Este"]
[Date "2014.08.24"]
[Round "3.12"]
[White "Ulaneo, Nicolas"]
[Black "Rodriguez Vila, Andres"]
[Result "0-1"]
[WhiteElo "2119"]
[BlackElo "2435"]
[PlyCount "124"]
[EventDate "2014.08.23"]
[EventType "team-swiss"]
[EventRounds "5"]
[EventCountry "URU"]
[SourceTitle "EXT 2017"]
[Source "ChessBase"]
[SourceDate "2016.10.25"]
[SourceVersion "1"]
[SourceVersionDate "2016.10.25"]
[SourceQuality "1"]

1. e4 d6 2. d4 Nf6 3. Nc3 c6 4. a4 e5 5. Nf3 Qc7 6. h3 Be7 7. Bc4 O-O 8. O-O a5
9. Be3 Na6 10. Qe2 h6 11. Bb3 Re8 12. Rad1 Bf8 13. d5 Nc5 14. Nd2 Nxb3 15. Nxb3
cxd5 16. exd5 Bd7 17. Rc1 Rec8 18. Nd2 Nh7 19. Nb5 Qd8 20. Nc4 Ra6 21. b3 g5
22. f3 f5 23. Qf2 Qe8 24. Nb6 f4 25. Bd2 Rc5 26. Nxd7 Qxd7 27. c4 Be7 28. Be1
Qf5 29. Qc2 Qxc2 30. Rxc2 Nf6 31. Bf2 Rc8 32. Re2 Nd7 33. Rb1 Bd8 34. Kf1 Kg7
35. Ke1 Bb6 36. Bxb6 Rxb6 37. Kd2 Nc5 38. Kc2 Kf6 39. Nc3 h5 40. Ne4+ Nxe4 41.
Rxe4 Kf5 42. Kc3 Rb4 43. Rbe1 Rc7 44. Kb2 Rb6 45. Kc3 Ra6 46. Kd3 Ra8 47. Rc1
Rc5 48. Rce1 Rg8 49. Rh1 Rc7 50. Ree1 Re7 51. Rh2 b6 52. Rhh1 Rgg7 53. Rh2 Rh7
54. Rhh1 g4 55. hxg4+ hxg4 56. Ke2 e4 57. fxe4+ Rxe4+ 58. Kf2 $2 g3+ 59. Kf3
Rxh1 60. Rxe4 Rf1+ 61. Ke2 Kxe4 62. Kxf1 Kd3 0-1

[Event "URU-chT Clubs"]
[Site "Punta del Este"]
[Date "2014.08.24"]
[Round "4.12"]
[White "Rodriguez Vila, Andres"]
[Black "El Ters, Antouan"]
[Result "1-0"]
[WhiteElo "2435"]
[BlackElo "2207"]
[PlyCount "39"]
[EventDate "2014.08.23"]
[EventType "team-swiss"]
[EventRounds "5"]
[EventCountry "URU"]
[SourceTitle "EXT 2017"]
[Source "ChessBase"]
[SourceDate "2016.10.25"]
[SourceVersion "1"]
[SourceVersionDate "2016.10.25"]
[SourceQuality "1"]

1. e4 e5 2. Nf3 Nc6 3. Bc4 Be7 4. O-O Nf6 5. d3 O-O 6. Re1 d6 7. c3 Na5 8. Bb5
Bd7 9. Bxd7 Qxd7 10. Nbd2 Nc6 11. d4 Rfe8 12. d5 Nb8 13. b4 c6 14. Qb3 cxd5 15.
exd5 Na6 16. Nf1 Nc7 17. Ne3 a5 18. a3 axb4 19. cxb4 Nb5 20. Bb2 {resto
ilegible, 52jugadas.} 1-0

[Event "URU-chT Clubs"]
[Site "Punta del Este"]
[Date "2014.08.25"]
[Round "5.12"]
[White "Rodriguez Vila, Andres"]
[Black "Coppola, Claudio"]
[Result "0-1"]
[WhiteElo "2435"]
[BlackElo "2190"]
[PlyCount "94"]
[EventDate "2014.08.23"]
[EventType "team-swiss"]
[EventRounds "5"]
[EventCountry "URU"]
[SourceTitle "EXT 2017"]
[Source "ChessBase"]
[SourceDate "2016.10.25"]
[SourceVersion "1"]
[SourceVersionDate "2016.10.25"]
[SourceQuality "1"]

1. d4 Nf6 2. Nf3 c5 3. e3 cxd4 4. exd4 d5 5. Bd3 Nc6 6. c3 Bg4 7. O-O Qc7 8. g3
g6 9. Bf4 Qd7 10. Nbd2 Bg7 11. Qb3 Nh5 12. Ne5 Bxe5 13. dxe5 Nxf4 14. gxf4 Bh3
15. Kh1 Bxf1 16. Rxf1 O-O-O 17. f3 f6 18. Bb5 a6 19. Bxc6 Qxc6 20. Qb4 fxe5 21.
fxe5 Qc7 22. Nb3 Qc4 23. Qxc4+ dxc4 24. Nd4 Rd5 25. Re1 Kd7 26. Kg2 b5 27. a3
a5 28. f4 Rb8 29. Kf3 e6 30. Ke4 Rc5 31. h4 Ke7 32. h5 Rg8 33. Rg1 Rcc8 34. h6
Rc5 35. Nf3 Rd5 36. Ng5 Rh8 37. a4 Rd2 38. axb5 Rxb2 39. Rd1 Rd8 40. Re1 a4 41.
Nxh7 a3 42. Nf6 a2 43. h7 Rh2 44. b6 Rd3 45. h8=Q Rxh8 46. b7 Rb8 47. Rh1 Rxb7
0-1

[Event "ARG-chT"]
[Site "Villa Martelli"]
[Date "2014.09.13"]
[Round "3.2"]
[White "Mazziotti Irigoyen, Gabriel"]
[Black "Rodriguez Vila, Andres"]
[Result "1-0"]
[WhiteElo "2271"]
[BlackElo "2435"]
[PlyCount "59"]
[EventDate "2014.08.30"]
[EventType "team-tourn"]
[EventRounds "9"]
[EventCountry "ARG"]
[SourceTitle "EXT 2015"]
[Source "ChessBase"]
[SourceDate "2014.11.20"]
[SourceVersion "1"]
[SourceVersionDate "2014.11.20"]
[SourceQuality "1"]
[WhiteTeam "Uba"]
[BlackTeam "Republica Martelli"]
[WhiteTeamCountry "ARG"]
[BlackTeamCountry "ARG"]

1. e4 e6 2. d4 d5 3. exd5 exd5 4. Bf4 Nf6 5. Bd3 c5 6. Qe2+ Be7 7. Bxb8 Rxb8 8.
Bb5+ Nd7 9. Nc3 O-O 10. O-O-O Re8 11. Qd2 Qa5 12. dxc5 Bf6 13. Nge2 Ne5 14.
Bxe8 Nc4 15. Qf4 Qb4 16. Rd4 Qxb2+ 17. Kd1 Bg4 18. Bxf7+ Kxf7 19. Qc7+ Ke6 20.
Rxg4 Qa1+ 21. Nc1 Qxc3 22. Rxc4 dxc4 23. Qxb8 Qd4+ 24. Ke2 Qg4+ 25. Kd2 Bg5+
26. Kc3 Qxg2 27. Re1+ Kf6 28. Qd6+ Kf5 29. Qe6+ Kf4 30. Ne2+ 1-0

[Event "ARG-chT"]
[Site "Villa Martelli"]
[Date "2014.09.27"]
[Round "5.2"]
[White "Rodriguez Vila, Andres"]
[Black "Liascovich, Lucas Agustin"]
[Result "1/2-1/2"]
[WhiteElo "2435"]
[BlackElo "2476"]
[PlyCount "122"]
[EventDate "2014.08.30"]
[EventType "team-tourn"]
[EventRounds "9"]
[EventCountry "ARG"]
[SourceTitle "EXT 2015"]
[Source "ChessBase"]
[SourceDate "2014.11.20"]
[SourceVersion "1"]
[SourceVersionDate "2014.11.20"]
[SourceQuality "1"]
[WhiteTeam "Republica Martelli"]
[BlackTeam "Ferro Carril Oeste"]
[WhiteTeamCountry "ARG"]
[BlackTeamCountry "ARG"]

1. e4 c5 2. Nf3 e6 3. Qe2 Nc6 4. g3 Nf6 5. c3 d5 6. e5 Nd7 7. d4 cxd4 8. cxd4
Qb6 9. Be3 Bb4+ 10. Nc3 Na5 11. Qc2 Qc7 12. Rc1 Nb6 13. Bd3 Bd7 14. O-O Bxc3
15. Qxc3 Qxc3 16. Rxc3 Rc8 17. Rxc8+ Nxc8 18. Nd2 Ne7 19. b4 Nac6 20. a3 f6 21.
b5 Na5 22. Rc1 Nf5 23. Bxf5 exf5 24. Rc5 Be6 25. exf6 gxf6 26. Bh6 Kd7 27. Bg7
Rc8 28. Bxf6 Nc4 29. Nxc4 dxc4 30. Kf1 c3 31. Ke1 b6 32. Rxc8 Kxc8 33. Kd1 Bb3+
34. Kc1 Kd7 35. Be5 h5 36. Bb8 Kc8 37. Bd6 Kd7 38. Bb4 c2 39. Bd2 Ba4 40. Bf4
Bxb5 41. Kxc2 Kc6 42. Kd2 Kd5 43. Ke3 Bd7 44. Bb8 a6 45. Bc7 b5 46. Bb6 Kc6 47.
Bd8 Kd5 48. h4 Ke6 49. Kf4 Bc6 50. Kg5 Bf3 51. d5+ Kxd5 52. Kxf5 Bd1 53. Kf4
Ke6 54. f3 Kf7 55. g4 Kg6 56. Bb6 Be2 57. Bc7 Bd1 58. Bd8 Be2 59. Ke3 Bd1 60.
gxh5+ Kxh5 61. Ke4 a5 1/2-1/2

[Event "ARG-chT"]
[Site "Villa Martelli"]
[Date "2014.10.04"]
[Round "6.1"]
[White "Rodriguez Vila, Andres"]
[Black "Gaitan, Juan Manuel"]
[Result "1-0"]
[WhiteElo "2435"]
[BlackElo "2237"]
[PlyCount "77"]
[EventDate "2014.08.30"]
[EventType "team-tourn"]
[EventRounds "9"]
[EventCountry "ARG"]
[SourceTitle "EXT 2015"]
[Source "ChessBase"]
[SourceDate "2014.11.20"]
[SourceVersion "1"]
[SourceVersionDate "2014.11.20"]
[SourceQuality "1"]
[WhiteTeam "Republica Martelli"]
[BlackTeam "Quilmes"]
[WhiteTeamCountry "ARG"]
[BlackTeamCountry "ARG"]

1. e4 c5 2. Nc3 d6 3. f4 Nc6 4. Nf3 g6 5. Bc4 Bg7 6. O-O Na5 7. Bb5+ Bd7 8. Qe2
a6 9. Bxd7+ Qxd7 10. Nd5 Rd8 11. c3 e6 12. Ne3 Ne7 13. d4 cxd4 14. cxd4 O-O 15.
Bd2 Nac6 16. Bc3 f5 17. e5 b5 18. Rfd1 Rfe8 19. b4 d5 20. Nc2 Nc8 21. a4 Nb6
22. axb5 axb5 23. Qxb5 Rb8 24. Qd3 Na7 25. Nd2 Nb5 26. Nb3 Nc4 27. Nc5 Qc6 28.
Rdb1 Ra8 29. Be1 Bf8 30. h4 Kf7 31. h5 Rxa1 32. Rxa1 Ra8 33. hxg6+ hxg6 34.
Rxa8 Qxa8 35. Qh3 Bg7 36. Qh4 Qa2 37. Qd8 Qa7 38. Nxe6 Kxe6 39. Qe8+ 1-0

[Event "ARG-chT"]
[Site "Villa Martelli"]
[Date "2014.10.11"]
[Round "7.3"]
[White "Rodriguez Vila, Andres"]
[Black "Bernal, Gustavo"]
[Result "1-0"]
[WhiteElo "2435"]
[BlackElo "2130"]
[PlyCount "43"]
[EventDate "2014.08.30"]
[EventType "team-tourn"]
[EventRounds "9"]
[EventCountry "ARG"]
[SourceTitle "EXT 2015"]
[Source "ChessBase"]
[SourceDate "2014.11.20"]
[SourceVersion "1"]
[SourceVersionDate "2014.11.20"]
[SourceQuality "1"]
[WhiteTeam "Republica Martelli"]
[BlackTeam "Fueguina Federation"]
[WhiteTeamCountry "ARG"]
[BlackTeamCountry "ARG"]

1. e4 e5 2. Nf3 Nc6 3. Bc4 Bc5 4. c3 Nf6 5. d3 d6 6. O-O O-O 7. Bg5 a6 8. Bb3
h6 9. Bh4 Qe7 10. Re1 Be6 11. Nbd2 g5 12. Nxg5 hxg5 13. Bxg5 Kg7 14. d4 exd4
15. e5 Nxe5 16. Ne4 Ned7 17. cxd4 Bb4 18. Re3 d5 19. Nxf6 Nxf6 20. Rg3 Rfe8 21.
Bxf6+ Kxf6 22. Qh5 1-0

[Event "ARG-chT"]
[Site "Villa Martelli"]
[Date "2014.10.18"]
[Round "8.2"]
[White "Rodriguez Vila, Andres"]
[Black "Remolcoy, Luciano"]
[Result "1-0"]
[WhiteElo "2435"]
[BlackElo "1909"]
[PlyCount "47"]
[EventDate "2014.08.30"]
[EventType "team-tourn"]
[EventRounds "9"]
[EventCountry "ARG"]
[SourceTitle "EXT 2015"]
[Source "ChessBase"]
[SourceDate "2014.11.20"]
[SourceVersion "1"]
[SourceVersionDate "2014.11.20"]
[SourceQuality "1"]
[WhiteTeam "Republica Martelli"]
[BlackTeam "Ushaia Jaque Mate"]
[WhiteTeamCountry "ARG"]
[BlackTeamCountry "ARG"]

1. e4 c5 2. Nc3 d6 3. f4 Nc6 4. Bc4 Nf6 5. Nf3 a6 6. e5 dxe5 7. Nxe5 Nxe5 8.
fxe5 Bg4 9. Be2 Bxe2 10. Qxe2 Nd5 11. e6 fxe6 12. O-O Nf6 13. d3 Qd7 14. Be3
Qc6 15. Qf2 O-O-O 16. Ne4 Ng4 17. Qg3 Nxe3 18. Qxe3 g6 19. Rf7 Rd5 20. Raf1 Rf5
21. g4 Rxf1+ 22. Kxf1 Rg8 23. Qf3 Bg7 24. Rxg7 1-0

[Event "Mercosur Cup 18th"]
[Site "Buenos Aires"]
[Date "2014.10.06"]
[Round "1"]
[White "Saldano Dayer, Horacio"]
[Black "Rodriguez Vila, Andres"]
[Result "1/2-1/2"]
[WhiteElo "2474"]
[BlackElo "2434"]
[PlyCount "121"]
[EventDate "2014.10.06"]
[EventType "tourn"]
[EventRounds "9"]
[EventCountry "ARG"]
[EventCategory "7"]
[SourceTitle "EXT 2015"]
[Source "ChessBase"]
[SourceDate "2014.11.20"]
[SourceVersion "1"]
[SourceVersionDate "2014.11.20"]
[SourceQuality "1"]

1. e4 c5 2. Nf3 g6 3. d4 cxd4 4. Qxd4 Nf6 5. Nc3 Nc6 6. Qa4 d6 7. e5 Ng4 8. Bb5
Bg7 9. Bxc6+ bxc6 10. exd6 Qxd6 11. O-O O-O 12. h3 Ne5 13. Nxe5 Bxe5 14. Bh6
Re8 15. Rad1 Qb8 16. Qxc6 Bf5 17. Nd5 e6 18. Ne3 Rc8 19. Qf3 Bxc2 20. Nxc2 Rxc2
21. Rd7 f5 22. Rfd1 Rxb2 23. Qe3 Qb6 24. Qxb6 Rxb6 25. f4 Bf6 26. Rc1 e5 27.
Bg5 Bh8 28. fxe5 Bxe5 29. Re1 Bg3 30. Rf1 Ra6 31. Bf4 Bxf4 32. Rxf4 Rf8 33. Rc4
Rf7 34. Rd2 Kg7 35. h4 Kh6 36. g3 Kh5 37. Kg2 Ra3 38. Rf4 Rc7 39. Rf3 Rcc3 40.
Rxc3 Rxc3 41. Rd7 Ra3 42. Rd2 a5 43. Rf2 a4 44. Kh3 Re3 45. Rf4 a3 46. Ra4 Kh6
47. Ra7 f4 48. Kg4 fxg3 49. Kh3 Rd3 50. Ra5 g2+ 51. Kxg2 Rd2+ 52. Kg3 Rxa2 53.
Ra7 Ra1 54. Kg2 a2 55. Kh2 g5 56. hxg5+ Kxg5 57. Kg2 h5 58. Ra4 h4 59. Kh2 h3
60. Ra8 Kf4 61. Rf8+ 1/2-1/2

[Event "Mercosur Cup 18th"]
[Site "Buenos Aires"]
[Date "2014.10.07"]
[Round "2"]
[White "Rodriguez Vila, Andres"]
[Black "Slipak, Sergio"]
[Result "1/2-1/2"]
[WhiteElo "2434"]
[BlackElo "2420"]
[PlyCount "24"]
[EventDate "2014.10.06"]
[EventType "tourn"]
[EventRounds "9"]
[EventCountry "ARG"]
[EventCategory "7"]
[SourceTitle "EXT 2015"]
[Source "ChessBase"]
[SourceDate "2014.11.20"]
[SourceVersion "1"]
[SourceVersionDate "2014.11.20"]
[SourceQuality "1"]

1. d4 d5 2. c4 c6 3. cxd5 cxd5 4. Nc3 Nf6 5. Nf3 Nc6 6. Bf4 a6 7. e3 Bf5 8. Bd3
Bxd3 9. Qxd3 e6 10. O-O Bd6 11. Bxd6 Qxd6 12. Rfc1 O-O 1/2-1/2

[Event "Mercosur Cup 18th"]
[Site "Buenos Aires"]
[Date "2014.10.08"]
[Round "3"]
[White "Cori Quispe, Kevin Joel"]
[Black "Rodriguez Vila, Andres"]
[Result "1/2-1/2"]
[WhiteElo "2278"]
[BlackElo "2434"]
[PlyCount "123"]
[EventDate "2014.10.06"]
[EventType "tourn"]
[EventRounds "9"]
[EventCountry "ARG"]
[EventCategory "7"]
[SourceTitle "EXT 2015"]
[Source "ChessBase"]
[SourceDate "2014.11.20"]
[SourceVersion "1"]
[SourceVersionDate "2014.11.20"]
[SourceQuality "1"]

1. e4 d6 2. d4 Nf6 3. Nc3 a6 4. a4 e5 5. Nf3 Nbd7 6. Bc4 exd4 7. Qxd4 Be7 8.
O-O O-O 9. h3 c5 10. Qd3 Nb6 11. Ba2 Bd7 12. a5 Nc8 13. Bf4 Kh8 14. Rfd1 Nh5
15. Bh2 f5 16. exf5 Bxf5 17. Qd5 Qe8 18. g4 Bxc2 19. Re1 Nf6 20. Qd2 Qg6 21.
Rac1 Nxg4 22. hxg4 Bf5 23. Bg3 Bxg4 24. Nh2 Bg5 25. f4 Bf6 26. Nxg4 Qxg4 27.
Qg2 Ne7 28. Bh2 Bd4+ 29. Kh1 Qxg2+ 30. Kxg2 Nc6 31. Re6 Nb4 32. Bb1 d5 33. f5
Rad8 34. Na4 Kg8 35. Bd6 Rf6 36. Bxc5 Bxc5 37. Nxc5 Rc8 38. Rxf6 gxf6 39. Nd3
Rxc1 40. Nxc1 Kf8 41. Nd3 Nc6 42. b4 Ke7 43. Kh3 Kd6 44. Kh4 d4 45. Kh5 Kc7 46.
Kh6 Ne7 47. Nc5 Nc6 48. Kg7 h5 49. Kxf6 h4 50. Be4 h3 51. Kg7 b6 52. axb6+ Kxb6
53. f6 Nd8 54. f7 Nxf7 55. Kxf7 Kb5 56. Ke6 Kxb4 57. Kd5 Kc3 58. Na4+ Kb4 59.
Nb6 Kc3 60. Na4+ Kb4 61. Nc5 Kc3 62. Na4+ 1/2-1/2

[Event "Mercosur Cup 18th"]
[Site "Buenos Aires"]
[Date "2014.10.09"]
[Round "4"]
[White "Della Morte, German"]
[Black "Rodriguez Vila, Andres"]
[Result "1-0"]
[WhiteElo "2384"]
[BlackElo "2434"]
[PlyCount "87"]
[EventDate "2014.10.06"]
[EventType "tourn"]
[EventRounds "9"]
[EventCountry "ARG"]
[EventCategory "7"]
[SourceTitle "EXT 2015"]
[Source "ChessBase"]
[SourceDate "2014.11.20"]
[SourceVersion "1"]
[SourceVersionDate "2014.11.20"]
[SourceQuality "1"]

1. e4 c5 2. Nf3 g6 3. d4 cxd4 4. Nxd4 Bg7 5. Nc3 Nc6 6. Be3 Nf6 7. Bc4 O-O 8.
Bb3 b6 9. O-O Bb7 10. Re1 Na5 11. Bg5 Nxb3 12. axb3 h6 13. Bh4 d6 14. Nd5 e6
15. Nc3 a6 16. f4 Qc7 17. Nf3 d5 18. Bxf6 Bxf6 19. e5 Qc5+ 20. Kh1 Bd8 21. Qd2
Kg7 22. Ne2 d4 23. Nexd4 b5 24. b4 Qd5 25. Rad1 Bb6 26. f5 Kh7 27. f6 Rfd8 28.
c3 Bxd4 29. Nxd4 a5 30. Re3 h5 31. bxa5 Rxa5 32. h3 Ra2 33. Rd3 Qxe5 34. Nf3
Rxd3 35. Nxe5 Rxd2 36. Rxd2 Ra1+ 37. Kh2 Rf1 38. Rd7 Bd5 39. Rxf7+ Kh6 40. h4
g5 41. Rf8 gxh4 42. Rh8+ Kg5 43. f7 Rf2 44. Rg8+ 1-0